000
00473nam a2200133Ia 4500
008
100328s9999 xx 000 0 und d
082
_b
30670
100
_a
खाडीलकर उषा
245
_a
सुाारणेच्या भोवऱ्यात
260
_b
ठाकर आणि कं.
630
_a
सुाारणेच्या भोवऱ्यात
730
_a
सुाारणेच्या भोवऱ्यात
942
_c
BOOK
999
_c
521637
_d
521634